Online
Catalog

Democracia y procesos electorales en República Dominicana / (Record no. 6484)

MARC details
000 -CABECERA
campo de control de longitud fija 00768nam a2200217 a 4500
001 - NÚMERO DE CONTROL
campo de control 000006695
005 - FECHA Y HORA DE LA ÚLTIMA TRANSACCIÓN
campo de control 20250621074005.0
008 - DATOS DE LONGITUD FIJA--INFORMACIÓN GENERAL
campo de control de longitud fija 090902s1994 dr 001 0 spa d
040 ## - FUENTE DE LA CATALOGACIÓN
Centro catalogador/agencia de origen DO-SdBNP
Lengua de catalogación spa
Centro/agencia transcriptor BNPHU
082 ## - NÚMERO DE LA CLASIFICACIÓN DECIMAL DEWEY
Número de clasificación 320.97293
Número de documento/Ítem M334d
100 1# - ENTRADA PRINCIPAL--NOMBRE DE PERSONA
Nombre de persona Maríñez, Pablo A.
9 (RLIN) 5748
245 10 - MENCIÓN DE TÍTULO
Título Democracia y procesos electorales en República Dominicana /
Mención de responsabilidad, etc. Pablo A. Maríñez.
260 ## - PUBLICACIÓN, DISTRIBUCIÓN, ETC.
Lugar de publicación, distribución, etc. Santo Domingo :
Nombre del editor, distribuidor, etc. Alfa y Omega,
Fecha de publicación, distribución, etc. 1994.
300 ## - DESCRIPCIÓN FÍSICA
Extensión 271 p. ;
Dimensiones 21 cm.
500 ## - NOTA GENERAL
Nota general Incluye referencias bibliográficas
590 ## - NOTA LOCAL (RLIN)
Nota local Inventariado,2018/LP
650 #4 - PUNTO DE ACCESO ADICIONAL DE MATERIA--TÉRMINO DE MATERIA
Término de materia o nombre geográfico como elemento de entrada Democracia
Subdivisión geográfica República Dominicana
9 (RLIN) 6412
650 #4 - PUNTO DE ACCESO ADICIONAL DE MATERIA--TÉRMINO DE MATERIA
Término de materia o nombre geográfico como elemento de entrada Elecciones
Subdivisión geográfica República Dominicana
9 (RLIN) 2992
651 #0 - PUNTO DE ACCESO ADICIONAL DE MATERIA--NOMBRE GEOGRÁFICO
Nombre geográfico República Dominicana
Subdivisión general Política y gobierno
9 (RLIN) 45
910 ## - DATOS DE OPCIÓN DEL USUARIO (OCLC)
Datos de opción del usuario Validado. Control de calidad MFF
Holdings
Estado de retiro Estado de pérdida Restricciones de uso No para préstamo Código de colección Localización permanente Ubicación/localización actual Ubicación en estantería Fecha de adquisición Número de inventario Total de préstamos Signatura topográfica completa Código de barras Fecha visto por última vez Número de copia Precio válido a partir de Tipo de ítem Koha
        Dominicana de Servicio General General Depósito 02.09.2009 LF1   320.97293 M334d 6695-30 25.06.2020 e. 3 25.06.2020 Libro y Folleto Colección Dominicana de Servicio
        Patrimonio Dominicano Patrimonio Dominicano Patrimonio Dominicano Depósito 02.09.2009 LF1   320.97293 M334d 6695-10 25.06.2020   25.06.2020 Libro y Folleto Colección Patrimonio Dominicano
      Excluido de préstamo Patrimonio Dominicano Patrimonio Dominicano Patrimonio Dominicano Depósito 02.09.2009 LF1   320.97293 M334d 6695-20 25.06.2020 e. 2 25.06.2020 Libro y Folleto Colección Patrimonio Dominicano

Powered by Koha